00381 a2200133 450000500170000002000170001708200110003410000150004524500300006025000120009026000520010230000740015470000190022820250624123815.0 a0-02-417310x a190STE aSTEWART .D aFundamental of Philosophy a2nd Ed, aNew York,bMaCmillan Publishing Company,c1982. axiii, 512p, ill, table, figure and picturebGlossary and Indexc26cm. aBLOCKER . H. G